Countries with Great Tits - Statistics

General Stats
  • This quiz has been taken 921 times
  • The average score is 58 of 65
Answers on the Map
Answers color-coded by a green-red scale on the quiz's map according to % correct below.
 
Answer Stats
Country % Correct
Russia
96%
United Kingdom
96%
France
95%
Germany
94%
China
93%
Ireland
93%
Italy
93%
Norway
93%
Spain
93%
Sweden
93%
Denmark
92%
Finland
92%
Poland
92%
Portugal
92%
Ukraine
92%
Austria
91%
Belgium
91%
Greece
91%
Netherlands
91%
Switzerland
91%
Turkey
91%
Czech Republic
90%
Estonia
90%
Hungary
90%
Latvia
90%
Lithuania
90%
Albania
89%
Belarus
89%
Bosnia and Herzegovina
89%
Bulgaria
89%
Croatia
89%
Iran
89%
Iraq
89%
Kazakhstan
89%
Mongolia
89%
Romania
89%
Serbia
89%
Slovakia
89%
Slovenia
89%
Armenia
88%
Georgia
88%
Israel
88%
Kosovo
88%
Moldova
88%
Montenegro
88%
North Macedonia
88%
Afghanistan
87%
Azerbaijan
87%
Cyprus
87%
Jordan
87%
Luxembourg
87%
Syria
87%
Tajikistan
87%
Turkmenistan
87%
Uzbekistan
87%
Algeria
86%
Kyrgyzstan
86%
Morocco
86%
Lebanon
85%
Vatican City
85%
Andorra
84%
Liechtenstein
84%
San Marino
84%
Tunisia
84%
Monaco
82%
No matching quizzes found
Score Distribution
Percent of People with Each Score
Percentile by Number Answered
Your Score History
You have not taken this quiz